000 00605nam a2200229Ia 4500
005 20250923145504.0
008 008 250917s9999 xx 000 0 eng d
037 _aTextual
040 _aDSWL
_beng
_cDSWL
041 _aeng
_2eng
084 _aS8, N74;3
_qDSWL
100 _aSecord, P.F.
_9835831
245 0 _aSocial Psychology
_c by P.F.Secord
250 _a2nd
260 _aTokyo
_bMacGraw Hill
_c1974
300 _axviii,647p.
365 _aINR
_b52.85
700 _a C.W. Backman
_9835832
925 _g52.85
942 _cTEXL
_hS8, N74;3
999 _c1451967
_d1451967